| 000 | 00616nam a22002057a 4500 | ||
|---|---|---|---|
| 005 | 20161221153223.0 | ||
| 010 | _aENG-116610 | ||
| 020 |
_a9789351437130 _c545.00 |
||
| 035 | _aEN-100142 | ||
| 037 | _bDBAD/PUB | ||
| 082 | _a346.54022 | ||
| 100 | _aR.K. Singh | ||
| 245 |
_aLaw relating to electronic contracts / _cby R.K.Singh |
||
| 250 | _a2nd ed. | ||
| 260 |
_aGurgaon _bLexisNexis _c2016 |
||
| 270 |
_a14th Floor, Building No.10, Tower-B, DLF Cyber City, Phase-II _bGurgaon _e122002 |
||
| 300 |
_axxxiv,459p. _c24cm(pbk) |
||
| 500 | _aIncludes index | ||
| 942 |
_2ddc _cEN _mSIN _h346.54022 |
||
| 999 |
_c104705 _d104705 |
||